LEADER 00812nam a2200229 i 4500 001 000000248624 003 CaOOAMICUS 005 20160405000000.0 008 160405s1974 it u000 u ita u 013 $a227529 040 $aSeMil$bita 100 1 $aCancogni, Manlio <1916-2015>.$0(OLS)http://semarc/name/15559 245 13$aLa carriera di Pimlico /$cManlio Cancogni. 260 $aMilano :$bRizzoli,$c1974. 300 $a130 p. ;$c23 cm. 490 0 $aLa scala 830 3$aLa scala.$0(OLS)http://semarc/title/7359 850 $aSeMil 852 $aSeMil$W1$xVenegono$y1$m1A IV 84$j198970$B198970$CSeMilBibl$Z2$F211680 $81 961 $aLascito: Calori don Carlo 996 $6245$aLa carriera di Pimlico$9(OLS)http://semarc/title/350811 996 $6260$aMilano :$bRizzoli$9(OLS)http://semarc/publisher/29824 LEADER 01059nam a2200265 4500 001 000000339210 003 CaOOAMICUS 005 20200204192514.0 008 200204s2016 it 000 u ita r 020 $a978-88-09-82019-7 040 $aSeMil$bita 100 1 $aPetrini, Carlo.$0(OLS)http://semarc/name/58704 245 10$aBuono, pulito e giusto /$cCarlo Petrini. 264 1$aFirenze ; Milano :$bGiunti ;$aBra (CN) :$bSlow Food'Editore,$c2016. 300 $a342 p. ;$c23 cm 541 0 $aFondo mons. Mario Delpini 650 4$aGastronomia.$0(OLS)http://semarc/subject/11901 850 $aSeMil 852 $aSeMil$W1$xVenegono$y1$m3XC V 9$j219190$B230940$CSeMilBibl$Z2$F230940 $81 941 1 $a7 996 $6020$a978-88-09-82019-7$9(OLS)http://semarc/number/289805 996 $6245$aBuono, pulito e giusto$9(OLS)http://semarc/title/428019 996 $6264$aFirenze ; Milano :$bGiunti$9(OLS)http://semarc/publisher/36058 996 $6264$aBra (CN) :$bSlow Food'Editore$9(OLS)http://semarc/publisher/49872